[Event "Club Championships Major Open"]
[Site "Wellington Chess Club"]
[Date "2019.10.17"]
[Round "4.11"]
[White "Asher, Bruce"]
[Black "Cooke, Xandi"]
[Result "0-1"]
[WhiteElo "1178"]
[BlackElo "1512"]

1. e4 c5 2. Nc3 d6 3. Bb5+ Bd7 4. Nf3 Nf6 5. d3 g6 6. O-O Bg7 7. b3 O-O 8. a4
Nxe4 9. dxe4 Bxc3 10. Bh6 Bg7 11. Bxg7 Kxg7 12. Qd5 Bc6 13. Qc4 a6 14. Qc3+ Kg8
15. Bc4 Bxe4 16. Rad1 Bxf3 17. Qxf3 Nc6 18. Rfe1 Qd7 19. Qg3 Rad8 20. Rd5 e6
21. Rh5 d5 22. Bd3 Qd6 23. Rh6 Qxg3 24. hxg3 Nb4 25. Re3 Nxd3 26. Rxd3 c4 27.
Rd4 cxb3 28. cxb3 Rc8 29. Rdh4 Rc1+ 30. Kh2 Re1 31. g4 Rc8 32. Rxh7 Rc3 33. g5
Kf8 34. Rh8+ Ke7 35. Rb4 Rc7 36. f4 Re4 37. Rxe4 dxe4 38. Rh3 Rd7 39. Kg1 Rd3
40. Kf2 Rxh3 41. gxh3 Kd6 42. Ke3 Kc5 43. Kxe4 Kb4 44. Ke5 Kxb3 45. Kf6 Kxa4
46. Kxf7 b5 47. Kxg6 b4 48. Kf7 b3 49. g6 b2 50. g7 b1=Q 51. g8=Q Qf5+ 52. Ke7
Qxf4 53. Qxe6 Qh4+ 54. Kd6 Kb5 55. Qd7+ Kb4 56. Qb7+ Kc3 57. Qxa6 Qh6+ 58. Ke7
Qxa6 59. h4 Qh6 0-1

[Event "Club Championships Major Open"]
[Site "Wellington Chess Club"]
[Date "2019.10.17"]
[Round "4.12"]
[White "Farrington, Lawrence"]
[Black "Dunlop, Rafe"]
[Result "1/2-1/2"]
[WhiteElo "1706"]
[BlackElo "1246"]

1. e4 e5 2. Nf3 Nc6 3. Nc3 Nf6 4. Bb5 a6 5. Bxc6 dxc6 6. Nxe5 Qd4 7. Nf3 Qd8 8.
O-O Bb4 9. Re1 O-O 10. a3 Ba5 11. h3 Re8 12. d3 c5 13. Re2 Bxc3 14. bxc3 Nxe4
15. Bb2 Nf6 16. Qd2 b5 17. Rae1 Rxe2 18. Qxe2 Bb7 19. Nd2 Qd7 20. f3 Kf8 21.
Qf2 Qd6 22. Ne4 Nxe4 23. fxe4 Re8 24. Rf1 f6 25. Qf5 Kg8 26. Bc1 Re6 27. Bf4
Qe7 28. Bg3 c4 29. Ra1 g6 30. Qf1 Qc5+ 31. Bf2 Qc6 32. Bd4 Qd6 33. Qf2 c5 34.
Bxc5 Qe5 35. Bd4 Qd6 36. Qd2 Kf7 37. Qh6 Kg8 38. Qd2 Kf7 39. Qf2 Qc6 40. Rf1
Qd6 41. e5 Qd5 42. exf6 Qg5 43. Kh2 Qh5 44. Re1 Qd5 45. Rxe6 Qxe6 46. Qg3 Qc6
47. Kg1 Bc8 48. Qe3 Be6 49. Qe4 Qc7 50. Qe5 Qc6 51. Qc5 Qxc5 52. Bxc5 Kxf6 53.
d4 Bd5 54. Kf2 Be4 55. g3 Kf5 56. Ke3 Bxc2 57. d5 Be4 58. d6 Bc6 59. Kd4 Ke6
60. Ke3 g5 61. Kd4 Bg2 62. h4 gxh4 63. gxh4 h5 64. Bb4 Bc6 65. Kc5 Bd7 66. Kb6
Kf5 67. Kc7 Ke6 68. Kb6 Kf5 69. Kc7 Ke6 70. Bc5 a5 71. Kb6 Kd5 72. Kc7 Bg4 73.
Kb6 Bd7 74. Kc7 1/2-1/2

[Event "Club Championships Major Open"]
[Site "Wellington Chess Club"]
[Date "2019.10.24"]
[Round "5.1"]
[White "Wojnar, Maciej"]
[Black "Stone, Andrew"]
[Result "1-0"]
[WhiteElo "2000"]
[BlackElo "2074"]

1. e4 e5 2. d4 exd4 3. Qxd4 Nc6 4. Qe3 Nf6 5. Nc3 Bb4 6. Bd2 O-O 7. O-O-O Re8
8. Bc4 d6 9. f3 Ne5 10. Bb3 a5 11. a3 Bd7 12. axb4 axb4 13. Na2 c5 14. Bxb4
cxb4 15. Ne2 Be6 16. Nd4 Rxa2 17. Bxa2 Bxa2 18. b3 Qa5 19. Nf5 Ng6 20. Rxd6
Qa3+ 21. Kd2 Qa5 22. Qb6 Qe5 23. Qxb4 Ne7 24. Nxe7+ Qxe7 25. Qd4 Qc7 26. Ra1
Qa5+ 27. Ke2 h6 28. Kf2 Kh7 29. Qb6 Qa3 30. Qd4 Qa5 31. Qd3 Rc8 32. e5+ g6 33.
Rxf6 Qxe5 34. Rxf7+ Kh8 35. Rxa2 Re8 36. Qd2 Qxh2 37. Qd4+ 1-0

[Event "Club Championships Major Open"]
[Site "Wellington Chess Club"]
[Date "2019.10.24"]
[Round "5.2"]
[White "Wojnar, Jacek"]
[Black "Kibblewhite, Daniel"]
[Result "1-0"]
[WhiteElo "1800"]
[BlackElo "1537"]

1. e4 e6 2. d4 d5 3. Be3 Nf6 4. Nd2 Nxe4 5. Nxe4 dxe4 6. f3 exf3 7. Nxf3 Bb4+
8. c3 Bd6 9. Bd3 Nd7 10. O-O Nf6 11. Qc2 Bd7 12. Rad1 Nd5 13. Bg5 f6 14. Bd2
Bf4 15. Bxh7 f5 16. Bg6+ Kf8 17. Bxf4 Nxf4 18. Ne5 Nd5 19. Rde1 Rh6 20. Qe2 Ne7
21. Nf7 Qe8 22. Nxh6 Qxg6 23. Ng4 Nc6 24. b4 Kg8 25. Ne5 Nxe5 26. Qxe5 Bc6 27.
Qxe6+ Qxe6 28. Rxe6 Bd5 29. Re7 Rc8 30. Rxf5 Bxa2 31. Ra5 Bc4 32. Rc5 b5 33.
Rcxc7 Rf8 34. Rxg7+ 1-0

[Event "Club Championships Major Open"]
[Site "Wellington Chess Club"]
[Date "2019.10.24"]
[Round "5.3"]
[White "Dixon, Hamish"]
[Black "Brockway, Andrew"]
[Result "1/2-1/2"]
[WhiteElo "1681"]
[BlackElo "1836"]

1. e4 c5 2. Nf3 g6 3. d4 cxd4 4. Nxd4 Nc6 5. Be3 Bg7 6. c3 Nf6 7. Nd2 O-O 8.
Bc4 d6 (8... d5) 9. h3 Ne5 10. Be2 Bd7 11. f4 Nc6 12. O-O e5 13. N4f3 exf4 (
13... Bh6) 14. Bxf4 Qb6+ 15. Kh1 Qxb2 16. Bxd6 (16. Nc4) 16... Rfe8 17. e5 Nh5
18. Rb1 Ng3+ 19. Kg1 Nxe2+ (19... Qxc3) 20. Qxe2 Qxa2 21. Rxb7 Be6 22. Ng5 Bh6
(22... Nxe5 23. Bxe5 Bd5) 23. Nxe6 Qxe6 24. Rf6 (24. Ne4) 24... Qd5 (24... Qxf6
) 25. Qc4 Qxc4 26. Nxc4 Nd8 27. Rc7 Bg7 28. Rf3 Bf8 29. Kf2 a5 30. Nb6 Ra6 31.
Nd5 Bxd6 32. exd6 Kg7 33. Re7 Rf8 34. d7 Re6 35. Re3 a4 36. c4 (36. R3xe6 Nxe6
37. Re8) 36... Rxe3 37. Rxe3 Ne6 38. Nb6 Rd8 39. Re5 Kf6 40. Ra5 Ke7 41. Rxa4
Nc5 42. Ra7 Nxd7 43. c5 Ke8 44. Na4 Rc8 45. Nb6 Nxb6 46. cxb6 Rb8 47. b7 Kd7
1/2-1/2

[Event "Club Championships Major Open"]
[Site "Wellington Chess Club"]
[Date "2019.10.24"]
[Round "5.4"]
[White "Quayle, Jamie"]
[Black "Ashe, Michael"]
[Result "0-1"]
[WhiteElo "1683"]
[BlackElo "1662"]

1. d4 Nf6 2. Nf3 e6 3. Bf4 b6 4. e3 Bb7 5. Nbd2 Be7 6. h3 O-O 7. Bd3 d6 8. O-O
Nbd7 9. c3 Re8 10. Ng5 e5 11. Bg3 h6 12. Nge4 Nxe4 13. Nxe4 d5 14. Nd2 e4 15.
Bc2 f5 16. f3 Bh4 17. Qe1 Bxg3 18. Qxg3 Nf6 19. fxe4 fxe4 20. Rf2 Re6 21. Bb3
Qd6 22. Qxd6 Rxd6 23. Raf1 Kh7 24. c4 c6 25. Rc1 Kg6 26. cxd5 cxd5 27. Rc7 Rd7
28. Rxd7 Nxd7 29. Nb1 Rc8 30. Nc3 Nf6 31. Nb5 a6 32. Nd6 Rc1+ 33. Kh2 Bc8 34.
Nxc8 Rxc8 35. g4 Rc1 36. Re2 Kg5 37. Kg3 Rg1+ 38. Kh2 Rf1 39. Kg2 Rf3 40. Rf2
Rxe3 41. Rf5+ Kg6 42. Bxd5 Nxd5 43. Rxd5 Re2+ 44. Kg3 Rxb2 45. Re5 Kf6 46. Rxe4
Rxa2 47. d5 Ra3+ 48. Kf4 g5# 0-1

[Event "Club Championships Major Open"]
[Site "Wellington Chess Club"]
[Date "2019.10.24"]
[Round "5.5"]
[White "Stracy, Don"]
[Black "Laking, Robert"]
[Result "1/2-1/2"]
[WhiteElo "1606"]
[BlackElo "1968"]

1. e4 c5 2. Nf3 Nc6 3. d4 cxd4 4. Nxd4 Qc7 5. Nc3 e6 6. Nxc6 bxc6 7. Bd3 d5 8.
exd5 cxd5 9. O-O Nf6 10. Qe2 Be7 11. Nb5 Qb7 12. Bf4 O-O 13. Nc7 Rb8 14. Na6
Ra8 15. Nc7 Rb8 16. Na6 1/2-1/2

[Event "Club Championships Major Open"]
[Site "Wellington Chess Club"]
[Date "2019.10.24"]
[Round "5.6"]
[White "Enegbuma, Wallace"]
[Black "Stoeveken, Peter"]
[Result "0-1"]
[WhiteElo "1777"]
[BlackElo "1827"]

1. e4 c5 2. Nf3 Nc6 3. Nc3 e6 4. Bb5 a6 5. Bxc6 bxc6 6. d4 d5 7. exd5 cxd5 8.
O-O Bd6 9. Re1 Ne7 10. Ne5 O-O 11. dxc5 Bxc5 12. Qh5 Nf5 13. Nd3 Bd6 14. Bf4
Rb8 15. Bxd6 Qxd6 16. Rad1 a5 17. Rd2 Ba6 18. b3 Rbc8 19. Na4 Rc7 20. c3 Rfc8
21. g4 Nh6 22. Re3 Bxd3 23. Rdxd3 Qf4 24. h3 g6 25. Qh4 Nf5 26. Qf6 Rc6 27.
gxf5 exf5 28. Qe5 Qg5+ 29. Qg3 Qf6 30. Re1 Re6 31. Red1 Rce8 32. Rxd5 h5 33.
Nc5 Re2 34. R5d2 Re1+ 35. Kh2 Qc6 36. Rxe1 Rxe1 37. Qg2 Qxc5 38. c4 Qe5+ 39.
Qg3 Qe4 40. f3 Qe3 41. Rg2 f4 42. Qf2 Qc3 43. Rg1 Re3 44. Rf1 Qd3 45. Kg1 Re2
46. Qc5 Rxa2 47. Qc8+ Kg7 48. Qc5 Qxb3 49. Qe5+ Kh7 50. Qxf4 Qb7 51. Re1 a4 52.
c5 Qd5 53. c6 Rc2 54. c7 Qc5+ 55. Kh1 Qxc7 56. Qxc7 Rxc7 57. Ra1 Ra7 58. Kg2
Kh6 59. Kf2 Kg5 60. Ra3 Ra5 61. Kg3 h4+ 62. Kf2 Kf4 63. Kg2 f5 64. Kf2 Ke5 65.
Ke3 g5 66. Kd3 Kf4 67. Kc4 Kg3 68. Kb4 Ra8 0-1

[Event "Club Championships Major Open"]
[Site "Wellington Chess Club"]
[Date "2019.10.24"]
[Round "5.7"]
[White "Van der Hoorn, Thomas"]
[Black "Carroll, Lewis"]
[Result "0-1"]
[WhiteElo "1807"]
[BlackElo "1422"]

1. e4 c5 2. Nf3 Nc6 3. d4 cxd4 4. Nxd4 Nf6 5. Nc3 e6 6. Bg5 h6 7. Bh4 g5 8. Bg3
Bb4 9. e5 Ne4 10. Qd3 Nxg3 11. hxg3 Nxe5 12. Qb5 Qa5 13. f4 Bxc3+ 14. bxc3
Qxc3+ 15. Ke2 Ng4 16. Qd3 Qxa1 17. fxg5 h5 18. g6 f5 19. g7 Rg8 20. Rxh5 Rxg7
21. Rh8+ Kf7 22. Nxf5 Qe5+ 23. Ne3 Nxe3 24. Qxe3 Qxe3+ 25. Kxe3 Rxg3+ 26. Kf2
Rg8 27. Rh7+ Kg6 28. Rh3 Rf8+ 29. Ke1 b6 30. Rg3+ Kf7 31. Bc4 Bb7 32. Kf2 Rg8
33. Bf1 Rxg3 34. Kxg3 Rc8 35. c4 Rg8+ 36. Kf2 Rg5 37. g3 Rf5+ 38. Kg1 Rxf1+ 39.
Kxf1 e5 40. a3 Ba6 41. Ke2 Bxc4+ 42. Ke3 d5 43. Kf3 Kf6 44. Ke3 Kf5 45. Kf3 d4
46. g4+ Kg5 47. Ke4 Kxg4 48. Kxe5 d3 49. Kd4 d2 50. Kxc4 d1=Q 51. Kb4 Qd3 52.
a4 a5# 0-1

[Event "Club Championships Major Open"]
[Site "Wellington Chess Club"]
[Date "2019.10.24"]
[Round "5.8"]
[White "Hurndell, Robert"]
[Black "Stannard, Lars"]
[Result "1-0"]
[WhiteElo "1545"]
[BlackElo "1485"]

1. e4 e5 2. Bc4 Nf6 3. d3 Bc5 4. Nf3 h6 5. O-O Nc6 6. Nc3 d6 7. a3 a6 8. Re1
Ng4 9. Be3 Nxe3 10. fxe3 b5 11. Bd5 Bb7 12. b4 Bb6 13. Kh1 Rb8 14. d4 O-O 15.
Bb3 Qe8 16. Nd5 Kh8 17. Nh4 exd4 18. Nxb6 cxb6 19. exd4 Ne7 20. Qg4 Qc8 21. Qg3
d5 22. e5 Nf5 23. Nxf5 Qxf5 24. Rf1 Qe6 25. Rf2 Rbc8 26. Raf1 a5 27. c3 a4 28.
Bc2 Rc7 29. Qd3 g6 30. Rf6 Qc8 31. R1f3 Re7 32. Rh3 Kh7 33. Rxf7+ Rfxf7 34.
Qxg6+ Kh8 35. Rxh6+ Rh7 36. Rxh7+ Rxh7 37. Qxh7# 1-0

[Event "Club Championships Major Open"]
[Site "Wellington Chess Club"]
[Date "2019.10.24"]
[Round "5.9"]
[White "Stannard, Bobby"]
[Black "Tarzwell, Caleb"]
[Result "1-0"]
[WhiteElo "1485"]
[BlackElo "1500"]

1. e4 c5 2. Nf3 Nc6 3. c3 d6 4. d4 cxd4 5. cxd4 Nf6 6. Nc3 e6 7. Bb5 a6 8. Ba4
b5 9. Bb3 Be7 10. d5 Ne5 11. dxe6 Bxe6 12. Nxe5 Bxb3 13. Qxb3 dxe5 14. Be3 O-O
15. Rd1 Qa5 16. O-O Ng4 17. Bd2 Bc5 18. h3 Bxf2+ 19. Rxf2 Nxf2 20. Kxf2 Rfd8
21. Nd5 Qa4 22. Qxa4 bxa4 23. Nb6 Ra7 24. Nxa4 Rad7 25. Ke2 Rd4 26. Nc3 g6 27.
Be3 Rxd1 28. Nxd1 f5 29. Nc3 Kf7 30. Bg5 Rd4 31. Ke3 Kg7 32. g4 h6 33. Be7 f4+
34. Ke2 Kf7 35. Nd5 Rxe4+ 36. Kf3 Rd4 37. Nb4 Kxe7 38. Nc6+ Ke6 39. Nxd4+ exd4
40. Kxf4 Kd5 41. Kf3 Kc4 42. Ke2 a5 43. Kd2 Kc5 44. Kd3 a4 45. b3 a3 46. h4 h5
47. g5 Kb4 48. Kxd4 Kb5 49. Kc3 Ka5 50. Kc4 Kb6 51. b4 Ka6 52. Kb3 1-0

[Event "Club Championships Major Open"]
[Site "Wellington Chess Club"]
[Date "2019.10.24"]
[Round "5.10"]
[White "Wevers, Alexis"]
[Black "Asher, Bruce"]
[Result "1-0"]
[WhiteElo "1798"]
[BlackElo "1178"]

1. d4 d5 2. c4 Nf6 3. cxd5 Qxd5 4. Nc3 Qa5 5. Bd2 Qb6 6. e3 e6 7. Na4 Qc6 8.
Nf3 Bd6 9. Nc3 a6 10. Rc1 Qb6 11. Na4 Qa7 12. Ba5 Nc6 13. Bd2 Bd7 14. Nc5 Bc8
15. Be2 O-O 16. O-O b6 17. Nxe6 Bxe6 18. Rxc6 Qb7 19. Qc2 Bf5 20. Qc1 Bc5 21.
Rxf6 gxf6 22. dxc5 Qd5 23. Bc3 Qe6 24. Nd4 Qd5 25. Nxf5 Qxf5 26. e4 Qe6 27. Qh6
Qxe4 28. Bf3 Qg6 29. Qxg6+ fxg6 30. Bxa8 Rxa8 31. Bxf6 bxc5 32. Rc1 Re8 33. f3
Kf7 34. Bh4 Re5 35. Bg3 Re2 36. Rxc5 Rxb2 37. Rxc7+ Kg8 38. Rg7+ Kf8 39. Bd6+
Ke8 40. a3 Rb1+ 41. Kf2 Rb2+ 42. Kg3 Rb6 43. Bc7 Rf6 44. Rxh7 Rf5 45. Kg4 Rc5
46. f4 Rc2 47. g3 Rc4 48. h4 Rc5 49. a4 a5 50. Bb6 Rd5 51. Ra7 1-0

[Event "Club Championships Major Open"]
[Site "Wellington Chess Club"]
[Date "2019.10.24"]
[Round "5.11"]
[White "Shepherd, Blake"]
[Black "Farrington, Lawrence"]
[Result "0-1"]
[WhiteElo "1100"]
[BlackElo "1706"]

1. d4 d5 2. c4 Nc6 3. Nf3 e6 4. Nc3 Nf6 5. Bg5 Be7 6. e3 a6 7. Bd3 h6 8. Bxf6
Bxf6 9. O-O O-O 10. Re1 Re8 11. Qb3 dxc4 12. Qxc4 Na5 13. Qa4 b6 14. Rad1 Bd7
15. Qc2 Bc6 16. Ne5 Bb7 17. Bh7+ Kf8 18. Ne4 Bxe5 19. dxe5 Qh4 20. Rd4 Qe7 21.
Ng3 Red8 22. Be4 c5 23. Bxb7 Nxb7 24. Qh7 Qg5 25. Ne4 Qxe5 26. f4 Qh5 27. Rxd8+
Rxd8 28. Qh8+ Ke7 29. Qxg7 Qg6 30. Qe5 Rd7 31. Re2 f6 0-1

[Event "Club Championships Major Open"]
[Site "Wellington Chess Club"]
[Date "2019.10.31"]
[Round "6.2"]
[White "Ashe, Michael"]
[Black "Wojnar, Jacek"]
[Result "0-1"]
[WhiteElo "1662"]
[BlackElo "1800"]

1. d4 d5 2. c4 e6 3. Nc3 c5 4. cxd5 cxd4 5. Qxd4 Nc6 6. Qd1 exd5 7. Qxd5 Bd7 8.
Nf3 Nf6 9. Qd1 Bc5 10. e3 Qe7 11. Bd3 O-O 12. O-O Rfd8 13. Qe2 Bg4 14. Bb1 Ne5
15. Ne4 Nxf3+ 16. gxf3 Bh3 17. Ng3 Bxf1 18. Qxf1 Qd6 19. Ne2 Qd1 20. Qxd1 Rxd1+
21. Kg2 Bb4 22. b3 Rc8 23. Bb2 Rd2 24. Bxf6 gxf6 25. Kf1 Rd1+ 26. Kg2 Kg7 27.
f4 Bc3 28. Bf5 Bxa1 29. Bxc8 b6 30. Ba6 Rd5 31. Bc4 Ra5 32. a4 a6 33. Ng3 f5
34. Bd3 Kf6 35. Bc4 b5 36. axb5 axb5 37. Bd3 b4 38. Bc4 Kg6 39. Ne2 Bb2 40. Kf3
Kf6 41. Ng3 Rc5 42. e4 Rxc4 43. bxc4 Bd4 44. exf5 b3 45. Ne4+ Kxf5 46. Nd2 b2
47. Nb1 Bc5 48. Nc3 Bd6 49. Ke2 Bxf4 50. h3 Be5 51. Nb1 Ke4 52. Kd1 Kf3 53. Kc2
Kxf2 54. Nd2 Kg3 55. c5 f5 56. c6 f4 57. c7 Bxc7 58. Kxb2 Kxh3 59. Kc2 Kg2 60.
Kd3 f3 61. Ne4 f2 62. Nxf2 Kxf2 63. Ke4 Kg3 0-1

[Event "Club Championships Major Open"]
[Site "Wellington Chess Club"]
[Date "2019.10.31"]
[Round "6.3"]
[White "Stoeveken, Peter"]
[Black "Stone, Andrew"]
[Result "0-1"]
[WhiteElo "1827"]
[BlackElo "2074"]

1. d4 f5 2. c4 Nf6 3. Nf3 e6 4. Nc3 Be7 5. Bg5 O-O 6. e3 b6 7. Bd3 Bb7 8. O-O
Ne4 9. Bxe7 Qxe7 10. Bxe4 fxe4 11. Nd2 d5 12. Qb3 c6 13. f3 Qg5 14. Ne2 dxc4
15. Qxc4 Qxe3+ 16. Rf2 Qxd2 17. Qxe6+ Kh8 18. Qe7 Na6 19. Qxb7 e3 20. Qxa6
exf2+ 21. Kxf2 Rae8 22. b3 h6 23. Kf1 b5 24. Re1 Re6 25. d5 Qxd5 26. Qxa7 Rfe8
27. Qa5 Qd3 0-1

[Event "Club Championships Major Open"]
[Site "Wellington Chess Club"]
[Date "2019.10.31"]
[Round "6.4"]
[White "Brockway, Andrew"]
[Black "Stracy, Don"]
[Result "1-0"]
[WhiteElo "1836"]
[BlackElo "1606"]

1. e4 c5 2. Nc3 d6 3. Bb5+ Bd7 4. Bc4 g6 5. f4 Bg7 6. Nf3 Nc6 7. O-O a6 8. Qe1
h6 9. d3 e6 10. f5 b5 11. Bb3 Nge7 12. fxg6 Nxg6 13. a3 Qe7 14. Be3 O-O-O 15.
Bf2 Kb7 16. Nd1 Rde8 17. c3 Nge5 18. Nxe5 Nxe5 19. Bc2 Bf6 20. d4 cxd4 21. cxd4
Ng4 22. e5 dxe5 23. Qe4+ Bc6 24. Qxg4 Rhg8 25. Qh3 Rxg2+ 26. Qxg2 Bxg2 27. Kxg2
exd4 { (=) } 28. Be4+ Kb6 29. Rc1 Ka7 30. Bg3 e5 31. Rc6 Bg5 32. Rf5 f6 33. Nf2
Qd7 34. Nd3 Rc8 35. Nc5 Qxf5 36. Rxa6+ Kb8 37. Bxf5 Rxc5 38. Bd3 Kb7 39. Re6
Bc1 40. b4 Rc3 41. Bxb5 Bxa3 42. Rxf6 Bxb4 43. Bxe5 Rc2+ 44. Kf3 Bc3 45. Bd3
Rb2 46. Ke4 Rb4 47. Rxh6 Bd2 48. Rh7+ Kb6 49. Bxd4+ 1-0

[Event "Club Championships Major Open"]
[Site "Wellington Chess Club"]
[Date "2019.10.31"]
[Round "6.5"]
[White "Kibblewhite, Daniel"]
[Black "Dixon, Hamish"]
[Result "1/2-1/2"]
[WhiteElo "1537"]
[BlackElo "1681"]

1. d4 b6 2. c4 Nf6 3. Nc3 Bb7 4. Nf3 e6 5. e3 d5 6. cxd5 exd5 7. Bb5+ Nbd7 8.
O-O Be7 9. Bd2 O-O 10. Rc1 c5 11. h3 a6 12. Bd3 Ne4 13. Qc2 Ndf6 14. Rfd1 Rc8
15. Qb1 c4 16. Bxe4 Nxe4 17. Nxe4 dxe4 18. Ne5 Qd5 19. b3 cxb3 20. Qxb3 Qxb3
21. axb3 Bd5 22. Rb1 Rfd8 23. Nc4 Rc6 24. Rdc1 Rdc8 25. Nxb6 Rxc1+ 26. Rxc1
Rxc1+ 27. Bxc1 Bxb3 28. Nd7 a5 29. Nc5 Bc2 30. Kf1 Kf8 31. Ke2 Ke8 32. Kd2 Bxc5
33. dxc5 Bd3 1/2-1/2

[Event "Club Championships Major Open"]
[Site "Wellington Chess Club"]
[Date "2019.10.31"]
[Round "6.7"]
[White "Asher, Bruce"]
[Black "Wevers, Alexis"]
[Result "0-1"]
[WhiteElo "1178"]
[BlackElo "1798"]

1. e4 c5 2. Nc3 Nc6 3. Nf3 g6 4. Bc4 Bg7 5. O-O a6 6. a3 b5 7. Bd5 Bb7 8. d3
Nf6 9. Be3 Nxd5 10. exd5 Nd4 11. b4 Nxf3+ 12. Qxf3 Bxc3 13. Rab1 cxb4 14. axb4
Bg7 15. Bc5 d6 16. Be3 O-O 17. c4 e6 18. Qg3 exd5 19. c5 d4 20. Bf4 dxc5 21.
Bd6 Re8 22. bxc5 Bc6 23. Qf4 a5 24. Bc7 Qd5 25. f3 Qxc5 26. Rbc1 Qd5 27. Bb6
Bd7 28. Rc5 Qb3 29. Rc7 Be5 30. Qg5 Bxc7 31. Bxc7 Qxd3 32. Be5 Qe3+ 33. Qxe3
dxe3 34. Bd4 b4 35. Re1 e2 36. Kf2 Bb5 37. Bc5 Red8 0-1

[Event "Club Championships Major Open"]
[Site "Wellington Chess Club"]
[Date "2019.10.31"]
[Round "6.8"]
[White "Ackroyd, William"]
[Black "Enegbuma, Wallace"]
[Result "0-1"]
[WhiteElo "1277"]
[BlackElo "1777"]

1. e4 c5 2. Nf3 e6 3. d4 Nc6 4. d5 Nb4 5. a3 Na6 6. c4 d6 7. b4 cxb4 8. axb4
Nf6 9. Nc3 Be7 10. Bd3 O-O 11. Qb3 e5 12. Nxe5 dxe5 13. c5 Nxc5 14. bxc5 Bxc5
15. Na4 Bd4 16. Ra3 Ng4 17. O-O Qh4 18. h3 Nxf2 19. Kh2 Bxh3 0-1

[Event "Club Championships Major Open"]
[Site "Wellington Chess Club"]
[Date "2019.10.31"]
[Round "6.9"]
[White "Dunlop, Rafe"]
[Black "Van der Hoorn, Thomas"]
[Result "1-0"]
[WhiteElo "1246"]
[BlackElo "1807"]

1. e4 e5 2. Nf3 Nc6 3. Bb5 a6 4. Ba4 Nf6 5. O-O Bc5 6. Re1 O-O 7. d3 Re8 8. Bg5
b5 9. Bb3 h6 10. Bh4 d6 11. a3 Bg4 12. Nbd2 Nd4 13. Ba2 a5 14. c3 Ne6 15. Qc2
c6 16. b4 Bb6 17. Qb2 a4 18. d4 Nf4 19. Qc2 Rc8 20. Bg3 Qd7 21. Bxf4 exf4 22.
e5 dxe5 23. Nxe5 Rxe5 24. Rxe5 Bc7 25. Ree1 Bf5 26. Qd1 Bg4 27. f3 Bf5 28. Bb1
Nd5 29. Bxf5 Qxf5 30. Ne4 Ne3 31. Qd2 Qg6 32. Qf2 Bd8 33. g3 f5 34. Nc5 Bh4 35.
Kh1 fxg3 36. Qxe3 gxh2 37. Re2 Bg3 38. Qe6+ Qxe6 39. Rxe6 Kf7 40. Kg2 f4 41.
Rae1 Bxe1 42. Rxe1 h1=Q+ 43. Kxh1 Re8 44. Re5 Rxe5 45. dxe5 h5 46. e6+ Ke7 47.
Kh2 g5 48. Kh3 Kd6 49. Kg2 g4 50. Kf2 g3+ 51. Kg2 h4 52. Kh3 Ke7 53. Nd3 Kxe6
54. Nxf4+ Ke5 55. Kg4 g2 56. Nxg2 Kd5 57. Ne3+ Ke5 58. f4+ Ke4 59. f5 Kd3 60.
f6 Kxc3 61. f7 Kb3 62. Nc2 Kxc2 63. f8=Q Kb3 64. Qf3+ Ka2 65. Kxh4 Kb2 66. Qd3
Ka2 67. Kg4 Kb2 68. Kf4 1-0

[Event "Club Championships Major Open"]
[Site "Wellington Chess Club"]
[Date "2019.10.31"]
[Round "6.11"]
[White "Tarzwell, Caleb"]
[Black "Osborne, Geoff"]
[Result "1-0"]
[WhiteElo "1500"]
[BlackElo "1287"]

1. d4 d5 2. c4 dxc4 3. e3 Nf6 4. Nc3 Bg4 5. Nf3 e6 6. Bxc4 Be7 7. O-O O-O 8.
Bd2 a6 9. h3 Bh5 10. Rc1 c5 11. Be2 Nc6 12. dxc5 Bxc5 13. a3 Qb8 14. Na4 Ba7
15. b4 Ne4 16. Be1 Qe8 17. Nc3 Bg6 18. Nxe4 Bxe4 19. Bc3 Ne7 20. Qb3 b5 21.
Rfd1 Rd8 22. Qb2 f6 23. Nd2 Bb7 24. Bd4 Bb8 25. Bf3 Bxf3 26. Nxf3 Ng6 27. Bc5
Rf7 28. Rd2 Ne5 29. Nxe5 fxe5 30. Rcd1 Rxd2 31. Qxd2 Bc7 32. e4 g6 33. Qe2 Rd7
34. Rd3 Rxd3 35. Qxd3 Qb8 36. Qd7 Qd8 37. Qxe6+ Kg7 38. Qxa6 Qd1+ 39. Kh2 Kh6
40. Qxb5 Bd8 41. Be3+ Bg5 42. Bxg5+ Kxg5 43. Qxe5+ Kh6 44. Qc3 g5 45. e5 Qd8
46. Qe3 Qc7 47. g3 1-0

[Event "Club Championships Major Open"]
[Site "Wellington Chess Club"]
[Date "2019.11.07"]
[Round "7"]
[White "Timergazi, Layla"]
[Black "Ker, Anthony"]
[Result "1/2-1/2"]
[WhiteElo "2166"]
[BlackElo "2451"]

1. d4 Nf6 2. c4 e6 3. Nc3 Bb4 4. g3 O-O 5. Nf3 d6 6. Bg2 Qe7 7. O-O Bxc3 8.
bxc3 e5 9. Ne1 Re8 10. Nc2 Nc6 11. Ne3 Rb8 12. Ba3 Na5 13. Qa4 b6 14. c5 e4 15.
cxd6 cxd6 16. Bb4 Qd8 17. Bxa5 bxa5 18. Rfb1 Ba6 19. c4 Qc7 20. d5 Rec8 21. Bh3
Rd8 22. Qc6 Qxc6 23. dxc6 Ne8 24. Nd5 Bxc4 25. c7 Nxc7 26. Nxc7 Bxe2 27. Bf1
Bxf1 28. Kxf1 f5 29. Nd5 Kf7 30. Rc1 Rdc8 31. Rab1 Ke6 32. Nf4+ Ke5 33. Rd1
Rxb1 34. Rxb1 a6 35. Rb7 Rc1+ 36. Kg2 g5 37. Nh5 f4 38. gxf4+ gxf4 39. Rxh7 f3+
40. Kg3 Rg1+ 41. Kh3 Rg2 42. Ng3 d5 43. Re7+ Kd4 44. Nf5+ Kd3 45. Rd7 Rxf2 46.
Rxd5+ Kc3 47. Re5 Re2 48. Ng3 Kd3 49. Rd5+ Kc4 50. Rd1 Re3 51. Kg4 Ra3 52. Nxe4
Rxa2 53. h4 a4 54. Kxf3 a3 55. Rc1+ Kb3 56. Rc6 Rh2 57. Rb6+ Kc2 58. Kg3 Rh1
59. Rxa6 Kb2 60. Rb6+ Kc2 61. Kg4 a2 62. Ra6 a1=Q 63. Rxa1 Rxa1 64. h5 Kd3 65.
Nf6 Rh1 66. Kg5 Kd4 67. h6 Ke5 68. h7 Rxh7 69. Nxh7 1/2-1/2

[Event "Club Championships Major Open"]
[Site "Wellington Chess Club"]
[Date "2019.11.07"]
[Round "7.2"]
[White "Stone, Andrew"]
[Black "Brockway, Andrew"]
[Result "1-0"]
[WhiteElo "2074"]
[BlackElo "1836"]

1. e4 c5 2. Nf3 g6 3. d4 cxd4 4. Bc4 Nc6 5. c3 d3 6. Bxd3 Bg7 7. O-O d6 8. h3
h6 9. c4 Be6 10. Nc3 Ne5 11. Be3 Nxd3 12. Qxd3 Nf6 13. Nd4 Qc8 14. Nd5 Bxd5 15.
cxd5 Nd7 16. Rac1 Nc5 17. Qb5+ Qd7 18. b4 Bxd4 19. Qxd7+ Nxd7 20. Bxd4 f6 21.
Rc7 Nb6 22. Rxb7 Kf7 23. Rc1 Rhc8 24. Rc6 Rcb8 25. Rbc7 Ke8 26. Bxf6 exf6 27.
Rxd6 Rc8 28. Rh7 Rd8 29. Re6+ Kf8 30. Rxf6+ Kg8 31. Rxh6 Kg7 32. Rhxg6+ Kh7 33.
Rg4 Rf8 34. Rfg6 Rg8 35. Rxg8 Rxg8 36. Rxg8 Kxg8 1-0

[Event "Club Championships Major Open"]
[Site "Wellington Chess Club"]
[Date "2019.11.07"]
[Round "7.3"]
[White "Webster, Jamie"]
[Black "Kibblewhite, Daniel"]
[Result "1/2-1/2"]
[WhiteElo "1701"]
[BlackElo "1537"]

1. e4 e6 2. d4 d5 3. Nc3 Nf6 4. e5 Nfd7 5. f4 c5 6. Nf3 Nc6 7. Be3 cxd4 8. Nxd4
Bc5 9. Qd2 Qb6 10. O-O-O Nxd4 11. Bxd4 Bxd4 12. Qxd4 Qxd4 13. Rxd4 Nb6 14. Nb5
Ke7 15. Be2 Bd7 16. Nd6 Bc6 17. g4 Nc8 18. Nxc8+ Raxc8 19. f5 exf5 20. gxf5 g6
21. Bg4 gxf5 22. Bxf5 Rcg8 23. Rf1 Rg2 24. b3 h6 25. Re1 Rg5 26. Rf4 Rhg8 27.
c3 Rg1 28. Rff1 Rxf1 29. Rxf1 Rg5 30. Kc2 1/2-1/2

[Event "Club Championships Major Open"]
[Site "Wellington Chess Club"]
[Date "2019.11.07"]
[Round "7.4"]
[White "Dixon, Hamish"]
[Black "Ashe, Michael"]
[Result "0-1"]
[WhiteElo "1681"]
[BlackElo "1662"]

1. e4 e6 2. d4 d5 3. e5 c5 4. c3 Nc6 5. Nf3 Qb6 6. Be2 f6 7. O-O cxd4 8. cxd4
fxe5 9. dxe5 Bc5 10. Nc3 a6 11. Na4 Qa7 12. Nxc5 Qxc5 13. b3 Nge7 14. Be3 Qa5
15. Bd2 Qc7 16. Rc1 O-O 17. Bd3 Bd7 18. Qc2 h6 19. Bb4 Rxf3 20. Bd6 Rxf2 21.
Qxf2 Qd8 22. Qf7+ Kh8 23. Rxc6 Nxc6 24. Qg6 Qg8 25. Bf8 Nxe5 0-1

[Event "Club Championships Major Open"]
[Site "Wellington Chess Club"]
[Date "2019.11.07"]
[Round "7.5"]
[White "Cooke, Xandi"]
[Black "Carroll, Lewis"]
[Result "0-1"]
[WhiteElo "1512"]
[BlackElo "1422"]

1. d4 Nf6 2. c4 e6 3. h3 c5 4. Nf3 cxd4 5. Nxd4 e5 6. Nf5 d5 7. Ne3 d4 8. Nc2
Ne4 9. e3 Bc5 10. b4 Nxf2 11. Kxf2 dxe3+ 0-1